Plan social media y community manager (Registro nro. 184153)

Detalles MARC
000 -ENCABEZADO
Número de control [NR] 00853cam a2200229Mi 4500
005 - FECHA Y HORA DE LA ÚLTIMA TRANSACCIÓN
control field 20180129140341.0
008 - DE LONGITUD FIJA DE DATOS DE ELEMENTOS - INFORMACIÓN GENERAL
Elementos de longitud fija [NR] 130204s2012 sp ad frn 001 0 spa d
020 ## - NUMERO INTERNACIONAL NORMALIZADO PARA LIBROS [R]
Número Internacional Normalizado del libro [NR] 9788490292396
040 ## - FUENTE DE CATALOGACION [NR]
Agencia de catalogación original [NR] Co-BoUCM
Idioma de catalogación [NR] spa
Quien Cataloga [Nuevo]
Quien Clasifica Diana Londoño
041 0# - CODIGO DE IDIOMA [R]
Código de idioma para texto/pista de sonido o título separado [R] Español
100 1# - ASIENTO PRINCIPAL--NOMBRE PERSONAL [NR]
Nombre personal [NR] Marquina-Arenas, Julián
ID Autoridad 56352
245 10 - MENCION DE TITULO [NR]
Título [NR] Plan social media y community manager
Mención de responsabilidad, etc. [NR] Julián Marquina-Arenas
260 ## - PUBLICACION, DISTRIBUCION, ETC. (PIE DE IMPRENTA) [R]
Lugar de publicación, distribución, etc. [R] Barcelona (España)
Nombre del editor, distribuidor, etc. [R] UOC
Fecha de publicación, distribución, etc. [R] 2012
Fecha de fabricación [R] 2013
300 ## - DESCRIPCION FISICA [R]
Extensión [R] 136 páginas
Otros detalles físicos [NR] ilustraciones y gráficas
490 0# - MENCION DE SERIE [R]
Mención de serie [R] El profesional de la información
Designación numérica/secuencial del volumen [NR] 12
504 ## - NOTA DE BIBLIOGRAFIA, ETC. [R]
Nota de bibliografía, etc. [NR] Incluye referencias bibliográficas e índices
650 #7 - ASIENTO SECUNDARIO DE MATERIA - TERMINO TEMATICO [R]
Término temático o nombre geográfico como elemento de entrada [NR] Medios de comunicación de masas
Subdivisión general [R] Innovaciones tecnológicas
9 (RLIN) 33581
650 #7 - ASIENTO SECUNDARIO DE MATERIA - TERMINO TEMATICO [R]
Término temático o nombre geográfico como elemento de entrada [NR] Redes sociales
9 (RLIN) 23250
690 ## - ASUNTO AGREGADO LOCAL DE ENTRADA - TÉRMINO TEMÁTICO (OCLC, RLIN)
Acceso temático local Sociología
9 (RLIN) 386
942 ## - ELEMENTOS DE ENTRADA AGREGADOS (KOHA)
Tema principal Sociología
Tipo de ítem principal el descrito en 300a Libro
Edición 1
Parte restante de la signatura top. M357
Sistema de clasificación DEWEY
Clasificación 303.4834
Existencias
Fecha de último préstamo Total préstamos Total Renewals Signatura topográfica Código de barras Última vez visto Ejemplar Costo de reposición Price effective from Tipo de ítem Perdido Sistema de clasificación Dañado No prestable Tipo de ítem específico Suprimido Ubicación habitual Ubicación actual Localización Fecha de creación Proveedor Forma de adquisición Costo
15/08/2017 8 11 303.4834 M357 100140341 03/12/2025 Ej.2 62330.00 22/01/2014 Libro   DEWEY     Libro   Claustro Claustro 4to piso 22/01/2014 37 Compra 62330.00